000 01371nam0a22003011 4500
001 v19\rc\1261938
005 20260406151823.0
035 _a(NLR Aleph) 005198984
090 _a5290248
_c5290248
100 _a20060306d1893 |||y0rusy50 ca
101 0 _arus
102 _aRU
105 _ay z |||a|
200 1 _aКнягиня Наталья Борисовна Долгорукова
_e[Повесть в стихах]
_e(Посвящено В.А. Жуковскому)
_fСоч. И.И. Козлова
205 _a2-е изд.
210 _aКиев
_cФ.А. Иогансон
_d1893
215 _a118 с.
_d7х5
225 1 _aБиблиотека "Крошка"
_v3, 6
316 _aЭкз. РНБ (Л, 30/Б-0/17): деф.: отсутствует обл.
_5NLR: Л, 30/Б-0/17
700 1 _7ca
_8rus
_aКозлов
_bИ. И.
_cпоэт
_f1779-1840
_gИван Иванович
_932547
_3RU\NLR\AUTH\7749612
702 1 _4570
_7ca
_8rus
_aДолгорукая
_bН. Б.
_f1714-1771
_gНаталья Борисовна
_950289
_3RU\NLR\AUTH\7767361
702 1 _4280
_7ca
_8rus
_aЖуковский
_bВ. А.
_cпоэт
_f1783-1852
_gВасилий Андреевич
_9115493
_3RU\NLR\AUTH\775529
801 2 _aRU
_bNLR
_c20081022
_2rusmarc
801 0 _aRU
_bNLR
_c20060306
_gpsbo
801 1 _aRU
_bProSoft-M
_c20060306
_2rusmarc
852 _aNLR
_bЛ
_j30/Б-0/17
942 _cBOOK
980 _aNB